Responses for Show #6400 - Friday, June 15, 2012

David Menchaca game 2.

Contestants

[<< previous game]

Jim Stekelberg, a Ph.D. student in accounting from Granada Hills, California

Sally Greene, an education instructor from Moscow, Idaho

David Menchaca, a law student originally from Long Beach, California (whose 1-day cash winnings total $15,900)

[next game >>]

Jeopardy! Round responses

THE BRITISH ARE COMING!
3-LETTER WORDS
INVENTORS
.gov
WHO SAID WHAT ABOUT WHOM?
"G"EOGRAPHY
    $200 23
the Beatles

David
    $200 26
a pun

Sally
    $200 13
(Alexander Graham) Bell

David
    $200 6
Department of Homeland Security

David
    $200 16
Gandhi

Sally
    $200 1
Greenland

Jim
    $400 22
the Rolling Stones

Jim
    $400 27
a doe

David
    $400 14
(Johannes) Gutenberg

David
    $400 7
FCC

Sally
    $400 17
Clark Gable

Sally
    $400 2
Glasgow

Jim
    $600 21
The Kinks

David
    $600 28
a pew

Sally
    $600 15
razor

Sally
    $600 8
the Peace Corps

Sally
    $600 18
Joe Louis

Sally
    $600 3
Giza

David
    $800 11
"The House Of The Rising Sun"

David
    $800 29
a let

Sally
    $800 24
Edison

Sally
    $800 9
the Bureau of Indian Affairs (Bureau for Indian Affairs accepted)

Jim
    $1,400 19
Benjamin Franklin

Sally
    $800 4
(David: What is Gruyere?)

Gouda

DavidSally
    $1000 12
Donovan

Sally
    $1000 30
dub

Jim
    $1000 25
(David: Who is Hoover?)

(Melville) Bissell

DavidSally
    $1000 10
nuclear waste

Jim
    $1000 20
Eisenhower

David
    $1000 5
(Alex: Same name as some of the locks - [*], Lake [*])

Gatun

Triple Stumper

Scores at the first commercial break (after clue 15):

David Sally Jim
$1,400 $3,400 $2,400

Scores at the end of the Jeopardy! Round:

David Sally Jim
$2,600 $9,400 $3,800

Double Jeopardy! Round responses

THE BRITISH ARE GOING!
CELEBRITIES' FAVORITE MOVIES
____ OF ____
ZODIAC RHYME TIME
20th CENTURY WRITERS
OPERA LOVERS
    $400 16
Kenya

David
    $400 3
Tootsie

Sally
    $400 11
an act of God

Jim
    $400 26
a taurus chorus

Jim
    $400 25
Fitzgerald

Sally
    $400 1
Carmen

David
    $800 17
Hong Kong

David
    $800 4
W.C. Fields

David
    $800 15
the Library of Congress

Sally
    $800 24
Sinclair Lewis

Sally
    $800 2
Porgy & Bess

Sally
    $2,000 18
(Alex: You picked the right one--[*]. You had a choice, I know, [*] or Afghanistan. You got it right.)

Iraq

David
    $1200 5
Brazil

David
    $1200 14
right of way

Sally
    $1200 21
Sylvia Plath

David
    $1200 8
(David: What is Much Ado About Nothing?)
(Alex: You misunderstood the clue. I said "she & Benedict". [*] and Benedict. We were going for the lady's name.)

Beatrice

David
Triple Stumper
    $1600 19
Singapore

David
    $1600 6
(Alex: I almost said "Likeness.")

The Unbearable Lightness Of Being

Triple Stumper
    $1600 12
(Sally: What is percentage of reliability?)

a margin of error

DavidSally
    $2,000 22
(David: [no response])

Carl Sandburg

David
    $1600 9
(Alex: Knight Of The Rose--[*].)

Der Rosenkavalier

Triple Stumper
    $2000 20
(Alex: [*]--British Honduras.)

Belize

Jim
    $2000 7
Local Hero

David
    $2000 13
(Alex: That's the blank-of-blank!)

the Gulf of California

Jim
    $2000 27
[end-of-round signal sounds]

a libra zebra

David
    $2000 23
Edward Albee

Triple Stumper
    $2000 10
Eurydice

David

Scores at the end of the Double Jeopardy! Round:

David Sally Jim
$15,400 $12,200 $8,600

[wagering suggestions for these scores]

Final Jeopardy! Round responses

ISLANDS
JimWhat is Madagascar?
$1,000
SallyWhat is the Dominican Republic?
$5,001
DavidWhat is Madagascar?
$9,001
Madagascar

Final scores:

David Sally Jim
$24,401 $7,199 $9,600
2-day champion: $40,301 3rd place: $1,000 2nd place: $2,000

Game dynamics:

Coryat scores:

David Sally Jim
$16,600 $11,600 $8,600
21 R
(including 1 DD),
4 W
(including 1 DD)
20 R
(including 1 DD),
1 W
10 R,
0 W

Combined Coryat: $36,800

[game clues] [game scores] [suggest correction]

Game tape date: 2012-02-08
The J! Archive is created by fans, for fans. Scraping, republication, monetization, and malicious use prohibited; this site may use cookies and collect identifying information. See terms. The Jeopardy! game show and all elements thereof, including but not limited to copyright and trademark thereto, are the property of Jeopardy Productions, Inc. and are protected under law. This website is not affiliated with, sponsored by, or operated by Jeopardy Productions, Inc. Join the discussion at JBoard.tv.